Konkurencieschopnosť slovenského vinárskeho priemyslu

Hodnotenie konkurencieschopnosti slovenského vinárskeho priemyslu na domácom trhu, na trhoch krajín Európskej únie a krajín CEFTA. Ukazovatele komparatívnych výhod (DCR a PCR) a koeficienty nominálnej ochrany pre vstupy a výstupy (NPCO a NPCI). Použitie analýzy PAM. Výpočet konkurencieschopnosti pom...

Descrizione completa

Salvato in:
Dettagli Bibliografici
Autore principale: Meravá, Eva
Natura: Capitolo di libro
Lingua:slovacco
Soggetti:
Tags: Aggiungi Tag
Nessun Tag, puoi essere il primo ad aggiungerne!!

MARC

LEADER 00000naa a2200000 4500
001 r046450
005 20231004074405.8
041 0 |a slo 
044 |a SK 
245 1 0 |a Konkurencieschopnosť slovenského vinárskeho priemyslu  |c Eva Meravá 
520 |a Hodnotenie konkurencieschopnosti slovenského vinárskeho priemyslu na domácom trhu, na trhoch krajín Európskej únie a krajín CEFTA. Ukazovatele komparatívnych výhod (DCR a PCR) a koeficienty nominálnej ochrany pre vstupy a výstupy (NPCO a NPCI). Použitie analýzy PAM. Výpočet konkurencieschopnosti pomocou ukazovateľa komparatívnych výhod - indexu RCA. 
610 2 0 |a konkurencieschopnosť 
610 2 0 |a priemysel vinársky 
610 2 0 |a trh vnútorný 
610 2 0 |a trh zahraničný 
610 2 0 |a Európska únia 
610 2 0 |a výhody komparatívne 
100 1 |a Meravá, Eva